El problema de la soberanía

Na minha lista:
Detalhes bibliográficos
Autor principal: Laski, Harold J (Autor)
Formato: Livro
Idioma:espanhol
Publicado em: Buenos Aires Dedalo 1960
Assuntos:
Tags: Adicionar Tag
Sem tags, seja o primeiro a adicionar uma tag!

MARC

LEADER 00000nam a2200000 a 4500
001 UCT6356
003 CL-VaPUC
008 970106e19600000AG |||||||||||||||||spa|d
082 0 4 |a 320.15  |b LAS  |2 21 
100 |a Laski, Harold J  |e author  |9 437794 
245 1 3 |a El problema de la soberanía 
300 |a 185 p 
942 |c BK 
945 |d 19970106 00:00:00  |a lriquelm 
260 |a Buenos Aires  |b Dedalo  |c 1960 
650 0 |a Soberanía  |9 266726 
650 7 |a SUCESION DE LOS ESTADOS  |2 CL-VaPUC  |9 376464 
650 0 |a Estado  |9 255503 
650 7 |a TEORIA POLITICA  |2 CL-VaPUC  |9 376465 
583 |a last modification  |c 19970106 00:00:00  |k Rodrigo Vera 
999 |c 255069  |d 255067 
952 |0 0  |1 0  |4 0  |6 320_150000000000000_LAS_1960  |7 0  |8 A  |9 277128  |a BIBDER  |b BIBDER  |d 2019-11-19  |i 1798626  |o 320.15 LAS 1960  |p 1798626  |r 2023-01-25  |w 2019-11-19  |y BK  |k DER